Atlasul etnografic român
| Titel: | Atlasul etnografic român / Academia Română Institutul de Etnografie şi Folclor "Constantin Brăiloiu". Coord. Ion Ghinoiu |
|---|---|
| Teil: | 1. Habitatul |
| Beteiligt: | |
| Veröffentlicht: | Bucuresti : Ed. Acad. Române [u.a.], 2003 |
| Umfang: | 271 Seiten : überwiegend Illustrationen und Karten |
| Format: | Buch |
| Sprache: | Romani; Englisch; Französisch; Deutsch |
| Schriftenreihe/ mehrbändiges Werk: |
Atlasul etnografic român / Academia Română Institutul de Etnografie şi Folclor "Constantin Brăiloiu". Coord. Ion Ghinoiu ; 1 alle Bände anzeigen
|
| ISBN: | 9735674238 ; 9732710462 |
| Hinweise zum Inhalt: |
Inhaltsverzeichnis
|
| Lokale Klassifikation: | 55 2 L 101 ; 55 3 J ; 55 3 K |
|---|
alg: 12383133
001A $03004:27-09-04
001B $01999:09-06-23 $t19:21:18.000
001D $03004:27-09-04
001U $0utf8
001X $00
002@ $0Afu
002C $akartografisches Bild $bcri $2rdacontent
002C $aunbewegtes Bild $bsti $2rdacontent
002D $aohne Hilfsmittel zu benutzen $bn $2rdamedia
002E $aBand $bnc $2rdacarrier
003@ $0123831334
003O $0177220177 $aOCoLC
004A $0973-567-423-8
004A $0973-27-1046-2
007A $0123831334 $aHEB
007G $0DE013D718FFCE400A256EC125771C00448CE7
009P $qapplication/pdf $A2 $3Inhaltsverzeichnis $uhttp://scans.hebis.de/HEBCGI/show.pl?12383133_toc.pdf $mV:DE-603;B:DE-26
010@ $arom $aeng $afre $ager
010E $erda
011@ $a2003
013D $RBildband $RAtlaskartografie $RKarte $#Atlases $#Atlas $#Weltatlas $#Bildatlas $#Topographischer Atlas $#Topografischer Atlas $#Atlanten $74143303-8 $8Atlas [Ts1] $9085561835
021A $aHabitatul
028C $7 $8Ghinoiu, Ion [Tnx] $9171074041
033A $pBucuresti $nEd. Acad. Române {[u.a.]
034D $a271 Seiten
034M $aüberwiegend Illustrationen und Karten
036C $aAtlasul etnografic român $x11 $hAcademia Română Institutul de Etnografie şi Folclor "Constantin Brăiloiu". Coord. Ion Ghinoiu $l1
036D $x11 $8Atlasul etnografic român / Academia Română Institutul de Etnografie şi Folclor "Constantin Brăiloiu". Coord. Ion Ghinoiu $9123831237
045F $a910.9498 $eDDC23BSB
045F/01 $a910
045F/03 $g498
045G $a390.09498 $eDDC23BSB
045G/01 $a390
045G/03 $g498
045H $a306.09498 $eDDC23BSB
045H/01 $a306.09
045H/03 $g498
lok: 12383133 24
101B $027-09-04 $t09:48:38.000
101C $027-09-04
145Z/01 $a55 2 L 101
145Z/02 $a55 3 J
145Z/03 $a55 3 K
101U $0utf8
exp: 12383133 24 1 #EPN
201B/01 $027-09-04 $t09:48:38.000
201C/01 $027-09-04
203@/01 $0219826358
208@/01 $a27-09-04 $bz
209A/01 $a2° - 04.3116 $du $f050 $h04 3116 $x00
209C/01 $a04.3116 G $h04 3116 G
209G/01 $a70777207 $x00
220C/01 $ajwa
247C/01 $8358050-7 Marburg, Bibliothek des Herder-Instituts Marburg $9102600961
201U/01 $0utf8
lok: 12383133 204
exp: 12383133 204 1 #EPN
201B/01 $015-03-12 $t08:31:17.000
201C/01 $017-06-09
201U/01 $0utf8
203@/01 $057604511X
208@/01 $a15-03-12 $bzUB
209A/01 $a2o Kt-A 261-1 $di $f000 $hkt a 261 / b 1 $x00
209G/01 $a60797889 $x00
245S/01 $a10200 $x01
247C/01 $8631000-x <26>Gießen, Universität Gießen, Universitätsbibliothek Gießen $9102596697
| LEADER | 00000cam a2200000 cc4500 | ||
|---|---|---|---|
| 001 | 123831334 | ||
| 003 | DE-603 | ||
| 005 | 20230609192118.0 | ||
| 007 | tu | ||
| 008 | 040927s2003 xx |||| | u00||u|rom c | ||
| 020 | |a 9735674238 | ||
| 020 | |a 9732710462 | ||
| 035 | |a (DE-599)HEB123831334 | ||
| 035 | |a (OCoLC)177220177 | ||
| 040 | |a DE-603 |b ger |c DE-603 |d DE-603 |e rda | ||
| 041 | |a rom |a eng |a fre |a ger | ||
| 082 | 0 | 4 | |8 1\u |a 910.9498 |q DE-101 |2 23/BSB |
| 083 | 0 | |8 2\u |a 390.09498 |q DE-101 |2 23/BSB | |
| 083 | 0 | |8 3\u |a 306.09498 |q DE-101 |2 23/BSB | |
| 085 | |8 1\u |b 910 | ||
| 085 | |8 1\u |z 2 |s 498 | ||
| 085 | |8 2\u |b 390 | ||
| 085 | |8 2\u |z 2 |s 498 | ||
| 085 | |8 3\u |b 306.09 | ||
| 085 | |8 3\u |z 2 |s 498 | ||
| 245 | 0 | 0 | |a Atlasul etnografic român |n 1 |p Habitatul |c Academia Română Institutul de Etnografie şi Folclor "Constantin Brăiloiu". Coord. Ion Ghinoiu |
| 264 | 1 | |a Bucuresti |b Ed. Acad. Române [u.a.] |c 2003 | |
| 300 | |a 271 Seiten |b überwiegend Illustrationen und Karten | ||
| 336 | |a kartografisches Bild |b cri |2 rdacontent | ||
| 336 | |a unbewegtes Bild |b sti |2 rdacontent | ||
| 337 | |a ohne Hilfsmittel zu benutzen |b n |2 rdamedia | ||
| 338 | |a Band |b nc |2 rdacarrier | ||
| 655 | 7 | |a Atlas |2 gnd-content |0 (DE-588)4143303-8 |0 (DE-603)085561835 | |
| 700 | 1 | |a Ghinoiu, Ion |0 (DE-603)171074041 | |
| 773 | 0 | 8 | |q 11 |w (DE-603)123831237 |
| 856 | 4 | 2 | |m V:DE-603;B:DE-26 |q application/pdf |u http://scans.hebis.de/HEBCGI/show.pl?12383133_toc.pdf |3 Inhaltsverzeichnis |
| 924 | 0 | |9 Mb 50 |a (DE-603)219826358 |b DE-Mb50 |c HES |d c |g 2° - 04.3116 | |
| 924 | 0 | |9 26 |a (DE-603)57604511X |b DE-26 |c HES |d b |g 2o Kt-A 261-1 | |
alle Bände anzeigen

